000
00274nam a22001217a 4500
008
170829b xxu||||| |||| 00| 0 eng d
041
_a
eng
080
_2
6TH
_a
070
100
_a
39
101
_a
MED
245
_a
THE MEDIA OF MASS COMMUNICATION
_c
VIVIAN,J
942
_2
udc
_c
BK
999
_c
25413
_d
25413